| 000 -LEADER |
| fixed length control field |
00368nam a2200121 4500 |
| 082 ## - DEWEY DECIMAL CLASSIFICATION NUMBER |
| Classification number |
TNC A99 R141 |
| 100 ## - MAIN ENTRY--PERSONAL NAME |
| Personal name |
Venkataramiah, Munagala |
| 9 (RLIN) |
26844 |
| 245 ## - TITLE STATEMENT |
| Title |
Talks with Sri Ramana Maharshi |
| 260 ## - PUBLICATION, DISTRIBUTION, ETC. (IMPRINT) |
| Place of publication, distribution, etc |
Tiruvannamalai |
| Name of publisher, distributor, etc |
Sri Ramanasramam |
| Date of publication, distribution, etc |
2008 |
| 300 ## - PHYSICAL DESCRIPTION |
| Extent |
683p |
| 650 ## - SUBJECT ADDED ENTRY--TOPICAL TERM |
| Topical term or geographic name as entry element |
Hindustani, |
| 9 (RLIN) |
26845 |
| 650 ## - SUBJECT ADDED ENTRY--TOPICAL TERM |
| Topical term or geographic name as entry element |
Ramana Maharshi - Criticism and interpretation |
| 9 (RLIN) |
26846 |